<?xml version="1.0" encoding="UTF-8"?>
<record
    xmlns:xsi="http://www.w3.org/2001/XMLSchema-instance"
    xsi:schemaLocation="http://www.loc.gov/MARC21/slim http://www.loc.gov/standards/marcxml/schema/MARC21slim.xsd"
    xmlns="http://www.loc.gov/MARC21/slim">

  <leader>02357    a2200205   4500</leader>
  <datafield tag="020" ind1=" " ind2=" ">
    <subfield code="a">0471384836</subfield>
  </datafield>
  <datafield tag="020" ind1=" " ind2=" ">
    <subfield code="a">9780471384830</subfield>
  </datafield>
  <datafield tag="082" ind1="0" ind2="4">
    <subfield code="a">332.67154</subfield>
  </datafield>
  <datafield tag="090" ind1=" " ind2=" ">
    <subfield code="c">3178</subfield>
    <subfield code="d">3178</subfield>
  </datafield>
  <datafield tag="100" ind1="1" ind2=" ">
    <subfield code="a">Clowes, Michael J.</subfield>
  </datafield>
  <datafield tag="245" ind1="1" ind2="4">
    <subfield code="a">The money flood :</subfield>
    <subfield code="b">how pension funds revolutionized investing /</subfield>
    <subfield code="c">Michael J. Clowes.</subfield>
  </datafield>
  <datafield tag="250" ind1=" " ind2=" ">
    <subfield code="a">1st ed.</subfield>
  </datafield>
  <datafield tag="260" ind1=" " ind2=" ">
    <subfield code="a">[S.l.] :</subfield>
    <subfield code="b">Wiley,</subfield>
    <subfield code="c">2000.</subfield>
  </datafield>
  <datafield tag="300" ind1=" " ind2=" ">
    <subfield code="a">304 p. ;</subfield>
    <subfield code="c">24 cm.</subfield>
  </datafield>
  <datafield tag="500" ind1=" " ind2=" ">
    <subfield code="a">Hardcover.</subfield>
  </datafield>
  <datafield tag="520" ind1=" " ind2=" ">
    <subfield code="a">Praise for Michael J. Clowes and the money flood "What a fine book! As an active participant in the revolution in pension investing, I could almost feel the times and tides of the past half-century shifting beneath me. Mike Clowes&#xC3;&#xA2;&#xE2;&#x201A;&#xAC;&#xE2;&#x201E;&#xA2;s splendid and articulate tour through the era is destined to become a landmark on the bookshelves of everyone interested in this illuminating history of the past, as well as its portents of the future."&#xC3;&#xA2;&#xE2;&#x201A;&#xAC;&#xE2;&#x20AC;&#x153;John C. Bogle, founder, The Vanguard Group "The corporate pension fund ranks high among the spectacular financial innovations of the twentieth century. Mike Clowes has built a fascinating story about the impact of this flood of money on the theory and practice of investing, the financial markets, the labor force, corporate management, and the general economy. The far-reaching consequences of these changes make this authoritative and lively book must-reading for everyone."&#xC3;&#xA2;&#xE2;&#x201A;&#xAC;&#xE2;&#x20AC;&#x153;Peter L. Bernstein, President, Peter L. Bernstein, Inc., author, Against the Gods: The Remarkable Story of Risk "The definitive history of the rise of pension fund capitalism in America."&#xC3;&#xA2;&#xE2;&#x201A;&#xAC;&#xE2;&#x20AC;&#x153;Keith Ambachtsheer, President, KPA Advisory, author, Pension Fund Excellence: Creating Value for Shareholders "Beautifully written, broad in coverage of all the best parts of a great American story, Mike Clowes&#xC3;&#xA2;&#xE2;&#x201A;&#xAC;&#xE2;&#x201E;&#xA2;s new book gives us an easy-to-read and easy-to-enjoy explanation of who did what and when in the investment revolution of the past half-century."&#xC3;&#xA2;&#xE2;&#x201A;&#xAC;&#xE2;&#x20AC;&#x153;Charles D. Ellis, Partner, Greenwich Associates, author, The Investor&#xC3;&#xA2;&#xE2;&#x201A;&#xAC;&#xE2;&#x201E;&#xA2;s Anthology: Original Ideas from the Industry&#xC3;&#xA2;&#xE2;&#x201A;&#xAC;&#xE2;&#x201E;&#xA2;s </subfield>
  </datafield>
  <datafield tag="856" ind1=" " ind2=" ">
    <subfield code="3">Amazon.com</subfield>
    <subfield code="u">http://www.amazon.com/exec/obidos/ASIN/0471384836/</subfield>
  </datafield>
  <datafield tag="856" ind1=" " ind2=" ">
    <subfield code="3">Amazon customer reviews</subfield>
    <subfield code="u">http://www.chopac.org/cgi-bin/tools/azrev.</subfield>
  </datafield>
  <datafield tag="942" ind1=" " ind2=" ">
    <subfield code="a">NBS</subfield>
    <subfield code="c">BK</subfield>
    <subfield code="k">332.67154 CLO</subfield>
  </datafield>
  <datafield tag="999" ind1=" " ind2=" ">
    <subfield code="c">345666</subfield>
    <subfield code="d">345666</subfield>
  </datafield>
  <datafield tag="952" ind1=" " ind2=" ">
    <subfield code="0">0</subfield>
    <subfield code="1">0</subfield>
    <subfield code="4">0</subfield>
    <subfield code="7">0</subfield>
    <subfield code="a">CL</subfield>
    <subfield code="b">CL</subfield>
    <subfield code="d">2013-08-28</subfield>
    <subfield code="l">1</subfield>
    <subfield code="o">332.67154 CLO</subfield>
    <subfield code="p">NBS5274</subfield>
    <subfield code="r">2017-11-22</subfield>
    <subfield code="s">2017-08-04</subfield>
    <subfield code="w">2013-08-28</subfield>
    <subfield code="y">BK</subfield>
  </datafield>
</record>
